| 000 | 00291 a2200109 4500 | ||
|---|---|---|---|
| 001 | 63351 | ||
| 082 | _a297.63 TAH | ||
| 090 |
_c37401 _d37401 |
||
| 100 | _aProf Dr. Muhammad Tahir-ul- Qadri | ||
| 245 |
_aSirat- Ur-Rasool Vol 8 _hEnglish |
||
| 260 |
_aPakistan _bMinhaj-ul-Quran Publication |
||
| 942 |
_aCAE NUST _k297.63 TAH |
||
| 999 |
_c298424 _d298424 |
||